Statystyki dla Typy samolotów

Kliknij tutaj aby rozwiązać quiz!

Ogólne statystyki

  • Ten quiz został rozwiązany 380 razy
    (377 od ostatniego zresetowania)
  • Średni wynik to 10 z 20

Statystyki odpowiedzi

Odpowiedź% Poprawnych
Airbus A320
86%
Boeing 737
82%
Boeing 777
81%
Boeing 747
79%
Boeing 787
72%
Airbus A380
71%
Concorde
67%
Airbus A350
62%
Boeing 757
60%
Boeing 717
40%
Antonov 225
37%
Embraer 195
36%
Airbus A300
35%
Embraer 170
33%
ATR 72
30%
Bombardier Q400
27%
ATR 42
24%
Sukhoi Superjet 100
21%
Iljuszyn Ił 62
19%
McDonnell Douglas DC-10
16%

Rozkład punktacji

Percentyl według liczby udzielonych odpowiedzi

Procent ludzi z każdym wynikiem

Twoja historia wyników

Nie rozwiązałeś tego quizu od ostatniego zresetowania